| 000 | 00780cam a2200217 4500 | ||
|---|---|---|---|
| 008 | 000000n2000 000 0 eng u | ||
| 035 | _a(Sirsi) u107348 | ||
| 245 | 2 | _aA one-stop website? | |
| 260 | _c2000 | ||
| 490 |
_aRevolution _v 19 July 2000, 15(1) |
||
| 520 | _aConsiders the Freeserve/Bradford & Bingley joint venture, due to be launched in the autumn. B&B's new site will enable homebuyers to pick a house at the same time as they choose a mortgage. | ||
| 590 | _aWB | ||
| 650 | _aFREESERVE | ||
| 650 | _aBRADFORD & BINGLEY | ||
| 650 | _aHALIFAX | ||
| 650 | _aRIGHTMOVE | ||
| 650 | _aPROPERTY-RESIDENTIAL PROPERTY-ACQUISITION AND DISPOSAL OF RESIDENTIAL PROPERTY | ||
| 650 | _aONLINE CONVEYANCING | ||
| 690 | _aINFORMATION TECHNOLOGY-INTERNET | ||
| 942 | _n0 | ||
| 999 |
_c64186 _d64186 |
||